书目信息 |
| 题名: |
情报编写
|
|
| 作者: | 张高杰 , 李广玉 著 | |
| 分册: | ||
| 出版信息: | 北京 金城出版社有限公司 2022.07 |
|
| 页数: | 258页 | |
| 开本: | 23cm | |
| 丛书名: | 情报实务丛书 | |
| 单 册: | ||
| 中图分类: | G250.2 | |
| 科图分类: | ||
| 主题词: | 情报学--研究 | |
| 电子资源: | ||
| ISBN: | 978-7-5155-2117-6 | |
| 000 | 00859nam0 2200253 450 | |
| 001 | 012001000541 | |
| 005 | 20141201151753.0 | |
| 010 | @a978-7-5155-2117-6@dCNY50.00 | |
| 100 | @a20220905d2021 em y0chiy50 ea | |
| 101 | 0 | @achi |
| 102 | @aCN@b110000 | |
| 105 | @ay z 000yy | |
| 106 | @ar | |
| 200 | 1 | @a情报编写@Aqing bao bian xie@e文体与语言@f张高杰, 李广玉著 |
| 210 | @a北京@c金城出版社有限公司@d2022.07 | |
| 215 | @a258页@d23cm | |
| 225 | 1 | @a情报实务丛书 |
| 330 | @a本书从中文写作角度探讨情报工作,结合开源情报的情报编写案例,将语言学、逻辑学、新闻学、情报学等学科知识进行整合,阐述情报编写岗位所需的汉语表达能力及培养路径。 | |
| 606 | 0 | @a情报学@x研究 |
| 690 | @aG250.2@v5 | |
| 701 | 0 | @a张高杰@Azhang gao jie@f(1972-)@4著 |
| 701 | 0 | @a李广玉@Ali guang yu@f(1976-)@4著 |
| 801 | 0 | @aCN@bAHXH@c20221111 |
| 905 | @b1369536-40@dG250.2@e173@f5 | |
| 情报编写:文体与语言/张高杰, 李广玉著.-北京:金城出版社有限公司,2022.07 |
| 258页;23cm.-(情报实务丛书) |
| ISBN 978-7-5155-2117-6:CNY50.00 |
| 本书从中文写作角度探讨情报工作,结合开源情报的情报编写案例,将语言学、逻辑学、新闻学、情报学等学科知识进行整合,阐述情报编写岗位所需的汉语表达能力及培养路径。 |
| ● |
| 相关链接 |
|
|
|
|
正题名:情报编写
索取号:G250.2/173
 
预约/预借
| 序号 | 登录号 | 条形码 | 馆藏地/架位号 | 状态 | 备注 |
| 1 | 1369536 | 213695367 | 第一样本阅览室/ [索取号:G250.2/173] | 在馆 | |
| 2 | 1369537 | 213695376 | 教育系资料室/ [索取号:G250.2/173] | 在馆 | |
| 3 | 1369538 | 213695385 | 教育系资料室/ [索取号:G250.2/173] | 在馆 | |
| 4 | 1369539 | 213695394 | 第四借阅区/ [索取号:G250.2/173] | 在馆 | |
| 5 | 1369540 | 213695401 | 第四借阅区/ [索取号:G250.2/173] | 在馆 |